| 000 | 00846nam a2200253 u 4500 | ||
|---|---|---|---|
| 005 | 20220818092105.0 | ||
| 008 | 191105s2017 mx r 000 0 spa d | ||
| 020 | _a9786075025841(Universidad Veracruzana) | ||
| 020 | _a9786074174625 (Universidad Iberoamericana) | ||
| 035 | _aUPN01000233881 | ||
| 040 |
_aMX-MxUPN _bspa _cMX-MxUPN |
||
| 050 |
_aPN45 _bB85 2017 |
||
| 100 | 1 |
_aBuj, Joseba, _d1978- _945841 |
|
| 245 | 1 | 0 |
_aCartografía del desencuentro / _cJoseba Buj. |
| 250 | _aPrimera edición | ||
| 260 |
_aCiudad de México : _bUniversidad Iberoamericana |
||
| 260 |
_aXalapa, Veracruz, México : _bUniversidad Veracruzana, Dirección Editorial, _c2017. |
||
| 300 | _a223 páginas | ||
| 490 | _aColección Biblioteca | ||
| 650 | 2 |
_98046 _aLiteratura _xFilosofía |
|
| 905 | _aLibro | ||
| 942 |
_n0 _cLIBRO _2lcc |
||
| 999 |
_c205976 _d205976 |
||